Statistics for Countries with the Most Airports A-Z

Click here to take the quiz!

General Stats

  • This quiz has been taken 43 times
  • The average score is 16 of 24

Answer Stats

LetterAirportsCountry% Correct
U13,513United States
98%
R1,218Russia
93%
F464France
90%
J175Japan
85%
O132Oman
85%
Q6Qatar
85%
B4,093Brazil
80%
C1,467Canada
80%
G539Germany
80%
Y57Yemen
80%
A1,138Argentina
78%
Z196Zimbabwe
78%
I673Indonesia
68%
H103Honduras
65%
M1,714Mexico
65%
V444Venezuela
63%
K197Kenya
48%
S566South Africa
45%
D198Democratic Republic of the Congo
40%
E432Ecuador
38%
P799Paraguay
38%
T166Tanzania
33%
L146Libya
28%
N147Nicaragua
23%

Score Distribution

Percentile by Number Answered

Percent of People with Each Score

Your Score History

You have not taken this quiz